| 000 | 00770nam a2200289Ia 4500 | ||
|---|---|---|---|
| 005 | 20250425162220.0 | ||
| 008 | 250425s9999 xx 000 0 und d | ||
| 020 | _a9871046057 | ||
| 041 | _aspa | ||
| 043 | _aag | ||
| 082 | _a658.404 | ||
| 100 | _aSALVARREDY, JULIAN R | ||
| 245 | 0 | _aGERENCIAMIENTO DE PROYECTOS CON MICROSOFT EXCEL Y MICROSOFT PROJECT: HERRAMIENTAS INFORMATICAS PARA LA EMPRESA | |
| 250 | _a1A ED. | ||
| 260 |
_aArgentina _bOMICRON SYSTEM S. A _c2004 |
||
| 260 | _aBUENOS AIRES | ||
| 300 | _a226 | ||
| 500 | _aINCLUYE CD. | ||
| 650 | _aGERENCIA | ||
| 650 | _aMICROSOFT EXCEL | ||
| 650 | _aMICROSOFT PROJECT | ||
| 650 | _aPLANIFICACION | ||
| 650 | _aPROYECTOS | ||
| 710 | _aOMICRON SYSTEM S.A. | ||
| 942 | _c01 | ||
| 010 | _a57270 | ||
| 999 |
_c224689 _d224689 |
||